| 000 | 00539nam a2200193Ia 4500 | ||
|---|---|---|---|
| 008 | 220216s9999 xx 000 0 und d | ||
| 100 | _aVarghese S | ||
| 245 | 0 | _aRubber nanocomposites via solution and melt intercalation | |
| 260 |
_bRubber World _c2004 |
||
| 300 | _a32-38 | ||
| 650 | _aCure characteristics | ||
| 650 | _aEpoxidised natural rubber | ||
| 650 | _aMelt intercalation | ||
| 650 | _aRubber clay nanocomposites | ||
| 650 | _aRubber latices | ||
| 700 | _aKarger-Kocsis J | ||
| 700 | _aPanikottu Abraham | ||
| 942 | _cJS | ||
| 999 |
_c67833 _d67833 |
||